Make your way around Melbourne - Statistics

General Stats
  • This quiz has been taken 71 times
  • The average score is 61 of 175
Answer Stats
Group Hint Answer % Correct
Walk east along the Port Phillip Bay, entering the suburbs as you go: ... Albert Park
91%
Walk east along the Port Phillip Bay, entering the suburbs as you go: ... Middle Park
89%
Walk east along the Port Phillip Bay, entering the suburbs as you go: ... St Kilda
87%
Walk east along the Port Phillip Bay, entering the suburbs as you go: ... Brighton
85%
Walk east along the Port Phillip Bay, entering the suburbs as you go: ... Elwood
85%
Walk east along the Port Phillip Bay, entering the suburbs as you go: ... St Kilda West
85%
Walk east along the Port Phillip Bay, entering the suburbs as you go: ... Black Rock
82%
Walk east along the Port Phillip Bay, entering the suburbs as you go: ... Hampton
82%
Walk east along the Port Phillip Bay, entering the suburbs as you go: ... Mentone
82%
Walk east along the Port Phillip Bay, entering the suburbs as you go: ... Sandringham
82%
Walk east along the Port Phillip Bay, entering the suburbs as you go: ... Chelsea
78%
Walk east along the Port Phillip Bay, entering the suburbs as you go: ... Frankston
78%
Walk east along the Port Phillip Bay, entering the suburbs as you go: ... Aspendale
76%
Walk east along the Port Phillip Bay, entering the suburbs as you go: ... Beaumaris
76%
Walk east along the Port Phillip Bay, entering the suburbs as you go: ... Carrum
76%
Walk east along the Port Phillip Bay, entering the suburbs as you go: ... Edithvale
76%
Walk east along the Port Phillip Bay, entering the suburbs as you go: ... Mordialloc
76%
Walk east along the Port Phillip Bay, entering the suburbs as you go: ... Seaford
76%
Walk east along the Port Phillip Bay, entering the suburbs as you go: ... Mount Eliza
75%
Walk east along the Port Phillip Bay, entering the suburbs as you go: ... Parkdale
75%
Walk east along the Port Phillip Bay, entering the suburbs as you go: ... Bonbeach
73%
Walk east along the Port Phillip Bay, entering the suburbs as you go: ... Frankston South
73%
Walk east along the Port Phillip Bay, entering the suburbs as you go: ... Mornington
73%
Walk east along the Port Phillip Bay, entering the suburbs as you go: ... Rosebud
71%
Walk east along the Port Phillip Bay, entering the suburbs as you go: ... Sorrento
71%
Walk east along the Port Phillip Bay, entering the suburbs as you go: ... Rye
69%
Follow the Yarra river upstream, entering the suburbs as you go: ... Burnley
64%
Walk east along the Port Phillip Bay, entering the suburbs as you go: ... Dromana
64%
Walk east along the Port Phillip Bay, entering the suburbs as you go: ... Mount Martha
64%
Follow the Yarra river upstream, entering the suburbs as you go: ... Richmond
62%
Walk east along the Port Phillip Bay, entering the suburbs as you go: ... Safety Beach
62%
Follow the Yarra river upstream, entering the suburbs as you go: ... Cremorne
56%
Follow the Yarra river upstream, entering the suburbs as you go: ... Fairfield
56%
Follow the Yarra river upstream, entering the suburbs as you go: ... Abbotsford
55%
Follow the Yarra river upstream, entering the suburbs as you go: ... Alphington
55%
Follow the Yarra river upstream, entering the suburbs as you go: ... Heidelberg
55%
Follow the Yarra river upstream, entering the suburbs as you go: ... Richmond
55%
Walk east along the Port Phillip Bay, entering the suburbs as you go: ... Tootgarook
55%
Walk east along the Port Phillip Bay, entering the suburbs as you go: ... Blairgowrie
53%
Walk east along the Port Phillip Bay, entering the suburbs as you go: ... Capel Sound
53%
Follow the Yarra river upstream, entering the suburbs as you go: ... Ivanhoe
53%
Walk east along the Port Phillip Bay, entering the suburbs as you go: ... McCrae
53%
Follow the Yarra river upstream, entering the suburbs as you go: ... Eaglemont
51%
Follow the Yarra river upstream, entering the suburbs as you go: ... Ivanhoe East
49%
Follow the Yarra river upstream, entering the suburbs as you go: ... Lower Plenty
49%
Follow the Yarra river upstream, entering the suburbs as you go: ... Viewbank
49%
Drive from Melbourne Airport (Tullamarine) to the MCG, without using the tollways: Exit here (11) Bell Street
45%
Drive from Melbourne Airport (Tullamarine) to the MCG, without using the tollways: Bear left (Clifton Hill) Hoddle Street
42%
Travel from Highpoint to Chadstone shopping centre, using public transport: Change at: Flinders Street
40%
Travel from Highpoint to Chadstone shopping centre, using public transport: Board the cross-city train at: Footscray
40%
Travel from Highpoint to Chadstone shopping centre, using public transport: ... North Melbourne
40%
Travel from Highpoint to Chadstone shopping centre, using public transport: ... Richmond
40%
Travel from Highpoint to Chadstone shopping centre, using public transport: ... Southern Cross
40%
Travel from Highpoint to Chadstone shopping centre, using public transport: ... South Kensington
40%
Travel from Highpoint to Chadstone shopping centre, using public transport: ... Armadale
38%
Travel from Deakin Uni (Burwood) to Melbourne Uni (Parkville), using public transport: Stop 10 Bourke Street Mall
38%
Travel from Highpoint to Chadstone shopping centre, using public transport: ... Carnegie
38%
Travel from Highpoint to Chadstone shopping centre, using public transport: ... Caulfield
38%
Travel from Deakin Uni (Burwood) to Melbourne Uni (Parkville), using public transport: Stop 11 City Square
38%
Travel from Deakin Uni (Burwood) to Melbourne Uni (Parkville), using public transport: Board any of Route 1, 3, 5, 6, 16, 64, 67 or 72 Tram at Stop 13: Federation Square
38%
Travel from Deakin Uni (Burwood) to Melbourne Uni (Parkville), using public transport: Alight at: Flinders Street
38%
Travel from Highpoint to Chadstone shopping centre, using public transport: ... Hawksburn
38%
Drive from Melbourne Airport (Tullamarine) to the MCG, without using the tollways: Turn right (Preston) High Street
38%
Travel from Highpoint to Chadstone shopping centre, using public transport: ... Malvern
38%
Travel from Highpoint to Chadstone shopping centre, using public transport: ... South Yarra
38%
Travel from Highpoint to Chadstone shopping centre, using public transport: ... Toorak
38%
Travel from Highpoint to Chadstone shopping centre, using public transport: Alight Stop 64: Footscray Station
36%
Travel from Highpoint to Chadstone shopping centre, using public transport: Alight at: Hughesdale
36%
Travel from Highpoint to Chadstone shopping centre, using public transport: Board the Route 767 Bus at: Hughesdale Station
36%
Travel from Deakin Uni (Burwood) to Melbourne Uni (Parkville), using public transport: Stop 8 Melbourne Central Station
36%
Travel from Highpoint to Chadstone shopping centre, using public transport: ... Murrumbeena
36%
Travel from Deakin Uni (Burwood) to Melbourne Uni (Parkville), using public transport: ... Auburn
35%
Travel from Deakin Uni (Burwood) to Melbourne Uni (Parkville), using public transport: ... Burnley
35%
Travel from Deakin Uni (Burwood) to Melbourne Uni (Parkville), using public transport: Change at: Camberwell
35%
Travel from Deakin Uni (Burwood) to Melbourne Uni (Parkville), using public transport: ... East Richmond
35%
Travel from Deakin Uni (Burwood) to Melbourne Uni (Parkville), using public transport: ... Glenferrie
35%
Travel from Deakin Uni (Burwood) to Melbourne Uni (Parkville), using public transport: Board the train at: Hartwell
35%
Travel from Deakin Uni (Burwood) to Melbourne Uni (Parkville), using public transport: ... Hawthorn
35%
Travel from Deakin Uni (Burwood) to Melbourne Uni (Parkville), using public transport: ... Richmond
35%
Travel from Deakin Uni (Burwood) to Melbourne Uni (Parkville), using public transport: ... Riversdale
35%
Travel from Deakin Uni (Burwood) to Melbourne Uni (Parkville), using public transport: ... Willison
35%
Drive from Werribee Zoo to Melbourne Zoo, without using the tollways: Freeway turns into M1 (West Gate Freeway)
33%
Drive from Melbourne Airport (Tullamarine) to the MCG, without using the tollways: Pass this exit (16) M80 (Western Ring Road)
33%
Drive from Melbourne Airport (Tullamarine) to the MCG, without using the tollways: Pass this exit (17) Mickleham Road
33%
Travel from Deakin Uni (Burwood) to Melbourne Uni (Parkville), using public transport: Stop 7 RMIT University
33%
Drive from Melbourne Airport (Tullamarine) to the MCG, without using the tollways: Turn right (East Melbourne) Wellington Parade
33%
Drive from Melbourne Airport (Tullamarine) to the MCG, without using the tollways: Pass this exit (12) Bulla Road
31%
Drive from Werribee Zoo to Melbourne Zoo, without using the tollways: Turn right (twice) to enter M1 (Princes Freeway)
29%
Drive from Melbourne Airport (Tullamarine) to the MCG, without using the tollways: Pass this exit (13) M79 (Calder Freeway)
29%
Travel from Deakin Uni (Burwood) to Melbourne Uni (Parkville), using public transport: Stop 58 Warrigal Road
29%
Take the scenic route from St Paul's to St Patrick's, identifying the landmarks as you go along: On your left Federation Square
27%
Take the scenic route from St Paul's to St Patrick's, identifying the landmarks as you go along: On your left Flinders Street Station
27%
Travel from Deakin Uni (Burwood) to Melbourne Uni (Parkville), using public transport: Stop 62 Elgar Road
25%
Travel from Highpoint to Chadstone shopping centre, using public transport: Stop 63 Footscray Market
25%
Travel from Deakin Uni (Burwood) to Melbourne Uni (Parkville), using public transport: Stop 3 Lincoln Square
25%
Drive from Werribee Zoo to Melbourne Zoo, without using the tollways: Pass this exit (W10) M80 (Western Ring Road)
25%
Travel from Deakin Uni (Burwood) to Melbourne Uni (Parkville), using public transport: Stop 4 Queensberry Street
25%
Drive from Werribee Zoo to Melbourne Zoo, without using the tollways: Pass this exit (17) C109 (Princes Highway) / C701 (Old Geelong Road)
24%
Drive from Werribee Zoo to Melbourne Zoo, without using the tollways: Turn left (Werribee South) Duncans Road
24%
Drive from Melbourne Airport (Tullamarine) to the MCG, without using the tollways: Pass this exit (14) English Street
24%
Take the scenic route from St Paul's to St Patrick's, identifying the landmarks as you go along: On your right Southern Cross Station
24%
Drive from Werribee Zoo to Melbourne Zoo, without using the tollways: Pass this exit (14) Aviation Road
22%
Travel from Highpoint to Chadstone shopping centre, using public transport: Stop 58 Ballarat Road
22%
Drive from Werribee Zoo to Melbourne Zoo, without using the tollways: Bear right (Footscray) Ballarat Road
22%
Travel from Highpoint to Chadstone shopping centre, using public transport: Stop 59 Droop Street
22%
Drive from Werribee Zoo to Melbourne Zoo, without using the tollways: Pass this exit (12) Fitzgerald Road
22%
Drive from Werribee Zoo to Melbourne Zoo, without using the tollways: Pass this exit (11) Kororoit Creek Road
22%
Take the scenic route from St Paul's to St Patrick's, identifying the landmarks as you go along: On your left Marvel Stadium
22%
Travel from Deakin Uni (Burwood) to Melbourne Uni (Parkville), using public transport: Stop 61 Presbyterian Ladies' College
22%
Drive from Werribee Zoo to Melbourne Zoo, without using the tollways: Turn right (Flemington) Racecourse Road
22%
Drive from Werribee Zoo to Melbourne Zoo, without using the tollways: Pass this exit (18) Sneydes Road
22%
Take the scenic route from Flemington Racecourse to Caulfield Racecourse, identifying the landmarks as you go along: All around you Bourke Street Mall
20%
Travel from Highpoint to Chadstone shopping centre, using public transport: Stop 56 Edgewater Boulevard
20%
Travel from Highpoint to Chadstone shopping centre, using public transport: Stop 61 Geelong Road
20%
Drive from Werribee Zoo to Melbourne Zoo, without using the tollways: Pass this exit (13) High Street
20%
Drive from Melbourne Airport (Tullamarine) to the MCG, without using the tollways: Turn left (East Melbourne) Jolimont Road
20%
Travel from Highpoint to Chadstone shopping centre, using public transport: Stop 62 Nicholson Street
20%
Drive from Melbourne Airport (Tullamarine) to the MCG, without using the tollways: Pass this exit (15) Wirraway Road
20%
Drive from Werribee Zoo to Melbourne Zoo, without using the tollways: Pass this exit (16) A93 (Forsyth Road)
18%
Travel from Highpoint to Chadstone shopping centre, using public transport: Stop 53 Maribyrnong College
18%
Take the scenic route from St Paul's to St Patrick's, identifying the landmarks as you go along: On your right Melbourne Central
18%
Travel from Highpoint to Chadstone shopping centre, using public transport: ... Neerim Road
18%
Take the scenic route from Flemington Racecourse to Caulfield Racecourse, identifying the landmarks as you go along: In front of you Parliament House
18%
Drive from Werribee Zoo to Melbourne Zoo, without using the tollways: Take this exit (W9) Princes Highway
18%
Take the scenic route from Flemington Racecourse to Caulfield Racecourse, identifying the landmarks as you go along: On your left Richmond Station
18%
Travel from Highpoint to Chadstone shopping centre, using public transport: Stop 52 River Street
18%
Travel from Highpoint to Chadstone shopping centre, using public transport: Stop 54 Gordon Street
16%
Take the scenic route from St Paul's to St Patrick's, identifying the landmarks as you go along: On your right Immigration Museum
16%
Travel from Highpoint to Chadstone shopping centre, using public transport: Stop 55 Lyric Street
16%
Take the scenic route from Flemington Racecourse to Caulfield Racecourse, identifying the landmarks as you go along: To your left Melbourne Central
16%
Take the scenic route from St Paul's to St Patrick's, identifying the landmarks as you go along: On your left RMIT University
16%
Take the scenic route from St Paul's to St Patrick's, identifying the landmarks as you go along: On your right State Library of Victoria
16%
Travel from Deakin Uni (Burwood) to Melbourne Uni (Parkville), using public transport: Stop 52 Summerhill Road
16%
Travel from Highpoint to Chadstone shopping centre, using public transport: Stop 60 Tiernan Street
16%
Take the scenic route from Flemington Racecourse to Caulfield Racecourse, identifying the landmarks as you go along: On your left AAMI Park
15%
Take the scenic route from Flemington Racecourse to Caulfield Racecourse, identifying the landmarks as you go along: On your left Fitzroy Gardens
15%
Take the scenic route from St Paul's to St Patrick's, identifying the landmarks as you go along: On your left Flagstaff Gardens
15%
Travel from Highpoint to Chadstone shopping centre, using public transport: ... Lawrance Street
15%
Take the scenic route from Flemington Racecourse to Caulfield Racecourse, identifying the landmarks as you go along: On your left Malvern Station
15%
Take the scenic route from St Paul's to St Patrick's, identifying the landmarks as you go along: On your right Melbourne Museum
15%
Travel from Deakin Uni (Burwood) to Melbourne Uni (Parkville), using public transport: Stop 57 Queens Parade
15%
Take the scenic route from Flemington Racecourse to Caulfield Racecourse, identifying the landmarks as you go along: On your left Royal Botanic Gardens
15%
Take the scenic route from Flemington Racecourse to Caulfield Racecourse, identifying the landmarks as you go along: On your left Royal Children's Hospital
15%
Travel from Highpoint to Chadstone shopping centre, using public transport: Stop 57 Titch Street
15%
Take the scenic route from Flemington Racecourse to Caulfield Racecourse, identifying the landmarks as you go along: On your left Windsor Station
15%
Take the scenic route from Flemington Racecourse to Caulfield Racecourse, identifying the landmarks as you go along: On your right Albert Park
13%
Travel from Deakin Uni (Burwood) to Melbourne Uni (Parkville), using public transport: Stop 56 Alfred Road
13%
Travel from Deakin Uni (Burwood) to Melbourne Uni (Parkville), using public transport: Stop 55 Beryl Street
13%
Travel from Deakin Uni (Burwood) to Melbourne Uni (Parkville), using public transport: Stop 59 Gilmour Street
13%
Travel from Deakin Uni (Burwood) to Melbourne Uni (Parkville), using public transport: Stop 54 Grandview Avenue
13%
Take the scenic route from Flemington Racecourse to Caulfield Racecourse, identifying the landmarks as you go along: On your right Jolimont Station
13%
Travel from Deakin Uni (Burwood) to Melbourne Uni (Parkville), using public transport: Stop 53 Lithgow Street
13%
Take the scenic route from Flemington Racecourse to Caulfield Racecourse, identifying the landmarks as you go along: On your left Newmarket Station
13%
Take the scenic route from St Paul's to St Patrick's, identifying the landmarks as you go along: On your left Old Melbourne Gaol
13%
Take the scenic route from Flemington Racecourse to Caulfield Racecourse, identifying the landmarks as you go along: To your right Queen Victoria Market
13%
Take the scenic route from St Paul's to St Patrick's, identifying the landmarks as you go along: On your right Royal Exhibition Building
13%
Take the scenic route from Flemington Racecourse to Caulfield Racecourse, identifying the landmarks as you go along: On your left Royal Park
13%
Drive from Werribee Zoo to Melbourne Zoo, without using the tollways: Continue onto (Kensington) Smithfield Road
13%
Travel from Deakin Uni (Burwood) to Melbourne Uni (Parkville), using public transport: Alight Stop 49: Wilson Grove
13%
Take the scenic route from St Paul's to St Patrick's, identifying the landmarks as you go along: On your right Carlton Gardens
11%
Take the scenic route from Flemington Racecourse to Caulfield Racecourse, identifying the landmarks as you go along: On your left Flemington Bridge Station
11%
Take the scenic route from Flemington Racecourse to Caulfield Racecourse, identifying the landmarks as you go along: Behind you Melbourne University
11%
Travel from Deakin Uni (Burwood) to Melbourne Uni (Parkville), using public transport: Stop 60 Millicent Street
11%
Take the scenic route from Flemington Racecourse to Caulfield Racecourse, identifying the landmarks as you go along: On your right Shrine of Remembrance
11%
Travel from Deakin Uni (Burwood) to Melbourne Uni (Parkville), using public transport: Stop 50 Smith Road
11%
Take the scenic route from Flemington Racecourse to Caulfield Racecourse, identifying the landmarks as you go along: On your left Treasury Gardens
11%
Take the scenic route from Flemington Racecourse to Caulfield Racecourse, identifying the landmarks as you go along: On your left Sidney Myer Music Bowl
9%
Take the scenic route from St Paul's to St Patrick's, identifying the landmarks as you go along: On your right Flagstaff Station
7%
Take the scenic route from Flemington Racecourse to Caulfield Racecourse, identifying the landmarks as you go along: On your left Old Treasury
7%
Take the scenic route from Flemington Racecourse to Caulfield Racecourse, identifying the landmarks as you go along: All around you Chinatown
5%
Take the scenic route from Flemington Racecourse to Caulfield Racecourse, identifying the landmarks as you go along: To your right Parliament Station
5%
Take the scenic route from St Paul's to St Patrick's, identifying the landmarks as you go along: On your left Queen's Bridge
5%
Take the scenic route from Flemington Racecourse to Caulfield Racecourse, identifying the landmarks as you go along: In front of you The Mac.Robertson Girls' High School
5%
Take the scenic route from Flemington Racecourse to Caulfield Racecourse, identifying the landmarks as you go along: On your left Melbourne Observatory
4%
Take the scenic route from Flemington Racecourse to Caulfield Racecourse, identifying the landmarks as you go along: To your left St Francis' Church
4%
No matching quizzes found
Score Distribution
Percent of People with Each Score
Percentile by Number Answered
Your Score History
You have not taken this quiz